Microeconomics: (Record no. 195050)

MARC details
000 -LEADER
fixed length control field 00575nam a22001817a 4500
005 - DATE AND TIME OF LATEST TRANSACTION
control field 20230213100929.0
010 ## - LCCN (DPL NO)
LC control number ENG-136188
020 ## - INTERNATIONAL STANDARD BOOK NUMBER
International Standard Book Number 9789325976701
Terms of availability 425.00
035 ## - SYSTEM CONTROL NUMBER
System control number EN-119720
037 ## - SOURCE OF ACQUISITION
Source of stock number/acquisition DBAD/PUB
082 ## - DEWEY DECIMAL CLASSIFICATION NUMBER
Classification number 338.5
100 ## - MAIN ENTRY--PERSONAL NAME
Personal name Dwivedi, D N
245 ## - TITLE STATEMENT
Title Microeconomics:
Remainder of title Theory And Applications/
Statement of responsibility, etc by D N Dwivedi
260 ## - PUBLICATION, DISTRIBUTION, ETC. (IMPRINT)
Place of publication, distribution, etc Uttar Pradesh
Name of publisher, distributor, etc Vikas Publishing House Pvt Ltd
Date of publication, distribution, etc 2016
270 ## - ADDRESS
City Noida
Address E-28, Sector-8
Postal code 201301
Electronic mail address helpline@vikaspublishing.com
300 ## - PHYSICAL DESCRIPTION
Extent xvii, 651p.
Other physical details Index
Dimensions 18cm(pbk).
942 ## - ADDED ENTRY ELEMENTS (KOHA)
Source of classification or shelving scheme Dewey Decimal Classification
Item type English Books
Classification part 338.5
Call number suffix DWI
Holdings
Withdrawn status Lost status Not for loan Collection code Home library Current library Date acquired Source of acquisition Cost, normal purchase price Full call number Barcode Copy number Cost, replacement price Koha item type
      Non-fiction Central Jail Tihar Central Jail Tihar 13/02/2023 DBAD/PUB 425.00 338.5 DWI EN-119720 1 425.00 English Books

© Delhi Public Library
Hit Counter
free hit counter